Cultura científica y cultura jurídica en los estudiantes de derecho (Record no. 153012)

MARC details
000 -CABECERA
campo de control de longitud fija 00603nab a2200205 a 4500
005 - FECHA Y HORA DE LA ÚLTIMA TRANSACCIÓN
campo de control 20210219161214.0
008 - ELEMENTOS DE LONGITUD FIJA--INFORMACIÓN GENERAL
campo de control de longitud fija 991125s1985 mx 000 0 spa u
035 ## - NÚMERO DE CONTROL DEL SISTEMA
Número de control de sistema UPN01000180909
100 1# - ASIENTO PRINCIPAL--NOMBRE PERSONAL
Nombre de persona Jiménez Torres, Jorge Alfredo
222 ## - TÍTULO CLAVE
Título clave EDUCAR
245 ## - MENCIÓN DE TÍTULO
Título Cultura científica y cultura jurídica en los estudiantes de derecho
260 ## - PUBLICACIÓN, DISTRIBUCIÓN, ETC.
Lugar de publicación, distribución, etc. Jalisco, México
300 ## - DESCRIPCIÓN FÍSICA
Extensión 80-90
362 0# - FECHAS DE PUBLICACIÓN Y/O DESIGNACIÓN SECUENCIAL
Fecha de publicación y/o designación secuencial 2010 5a época, no. 54, ago.-oct.
653 0# - TERMINO DE INDIZACION - NO CONTROLADO
Término no controlado CONOCIMIENTO CIENTIFICO
653 0# - TERMINO DE INDIZACION - NO CONTROLADO
Término no controlado ESTUDIANTE UNIVERSITARIO
653 0# - TERMINO DE INDIZACION - NO CONTROLADO
Término no controlado DERECHO
653 0# - TERMINO DE INDIZACION - NO CONTROLADO
Término no controlado ALFABETIZACION CIENTIFICA
905 ## - TIPO DE MATERIAL
Tipo de material Articulo

No items available.